000 00842 a2200205 4500
003 Nust
005 20230102130715.0
010 _a 85019270
020 _a0135902908
040 _cNust
082 0 0 _a629.8,BOR
100 1 _aBorrie, John A.,
_9106616
245 1 0 _aModern control systems :
_ba manual of design methods /
_cJohn A. Borrie.
260 _aEnglewood Cliffs, NJ :
_bPrentice-Hall International,
_cc1986.
300 _axi, 320 p. :
_bill. ;
_c23 cm.
505 _aBasic Definitions and Mathematical Techniques (Page-1), Classical Techniques for Continuous and Discrete Time Systems (Page-71), Continuous Time State Space Design Techniques (Page-142), Discrete Time State Space System Models (Page-215), Useful Computer Techniques (Page-257).
650 0 _aAutomatic control.
650 0 _aControl theory.
942 _2ddc
_cBK
999 _c183919
_d183919